Questions of intimacy rethinking population education (Record no. 79941)

MARC details
000 -LEADER
fixed length control field 00824nam a2200205 a 4500
008 - FIXED-LENGTH DATA ELEMENTS--GENERAL INFORMATION
fixed length control field 120416s1999 ||||||||||||||||| || u
020 ## - INTERNATIONAL STANDARD BOOK NUMBER
International Standard Book Number 9282010953
050 ## - LIBRARY OF CONGRESS CALL NUMBER
Classification number LC 68 Que
100 ## - MAIN ENTRY--PERSONAL NAME
Personal name King, Linda
245 10 - TITLE STATEMENT
Title Questions of intimacy rethinking population education
Statement of responsibility, etc. edited by Linda King
260 ## - PUBLICATION, DISTRIBUTION, ETC.
Place of publication, distribution, etc. New York:
Name of publisher, distributor, etc. UNESCO
Date of publication, distribution, etc. 1999
300 ## - PHYSICAL DESCRIPTION
Extent viii, 206p. : ill.
350 ## -
-- 0.00
650 ## - SUBJECT ADDED ENTRY--TOPICAL TERM
Topical term or geographic name entry element BIRTH CONTROL--STUDY AND TEACHING
650 ## - SUBJECT ADDED ENTRY--TOPICAL TERM
Topical term or geographic name entry element SEX ROLE
650 #0 - SUBJECT ADDED ENTRY--TOPICAL TERM
Topical term or geographic name entry element HEALTH EDUCATION
650 ## - SUBJECT ADDED ENTRY--TOPICAL TERM
Topical term or geographic name entry element FAMILY
995 ## -
-- ANNEX COLLECTION (Main Library)
-- 0.00
-- 734182
-- CBU-MAIN LIBRARY (Kitwe)
-- 1
-- 0.00
-- LC 68 Que
-- 1
-- AVAILABLE
-- 46493
-- Annex Low-Usage Collection
995 ## -
-- ANNEX COLLECTION (Main Library)
-- 0.00
-- 734181
-- CBU-MAIN LIBRARY (Kitwe)
-- 2
-- 0.00
-- LC 68 Que
-- 2
-- AVAILABLE
-- 46579
-- Annex Low-Usage Collection
999 ## -
-- 79941
-- 79941
Holdings
Withdrawn status Lost status Source of classification or shelving scheme Damaged status Not for loan Permanent Location Current Location Shelving location Date acquired Total Checkouts Full call number Barcode Date last seen Copy number Price effective from Koha item type
          CBU-MAIN LIBRARY, KITWE. CBU-MAIN LIBRARY, KITWE.   06/29/2023   LC 68 Que 46493 06/29/2023 1 06/29/2023 MONOGRAPH
          CBU-MAIN LIBRARY, KITWE. CBU-MAIN LIBRARY, KITWE.   06/29/2023   LC 68 Que 46579 06/29/2023 2 06/29/2023 MONOGRAPH